THE MAKING OF MODERN INTELLECTUAL PROPERTY LAW [The british experence ] [1760-1911] (Record no. 7826)

MARC details
000 -LEADER
fixed length control field 00487nam a22001697a 4500
005 - DATE AND TIME OF LATEST TRANSACTION
control field 20210904141726.0
008 - FIXED-LENGTH DATA ELEMENTS--GENERAL INFORMATION
fixed length control field 210823b ||||| |||| 00| 0 eng d
020 ## - INTERNATIONAL STANDARD BOOK NUMBER
ISBN 0521563631
041 ## - LANGUAGE CODE
Language code of text/sound track or separate title eng
082 ## - DEWEY DECIMAL CLASSIFICATION NUMBER
Classification number 346.410
100 ## - MAIN ENTRY--AUTHOR NAME
Personal name SHERMAN, BRAD AND BENTLY, LIONEL
245 ## - TITLE STATEMENT
Title THE MAKING OF MODERN INTELLECTUAL PROPERTY LAW [The british experence ] [1760-1911]
260 ## - PUBLICATION, DISTRIBUTION, ETC. (IMPRINT)
Place of publication NEW YORK
Name of publisher CAMBRIDGE UNIVERSITY PRESS
Year of publication 1999
300 ## - PHYSICAL DESCRIPTION
Number of Pages 242;p
650 ## - SUBJECT ADDED ENTRY--TOPICAL TERM
Topical Term LAW
942 ## - ADDED ENTRY ELEMENTS (KOHA)
Koha item type Books
Holdings
Lost status Damaged status Collection code Home library Current library Shelving location Date acquired Source of acquisition Full call number Accession Number Koha item type
    LAW JRU Library JRU Library SHELF-30-E 23/08/2021 PURCESS 346.410 25850 Books